000 02028cam a22005294i 4500
003 PE-LiUPU
005 20250731184609.0
008 150616s r 000 0 d
020 _a1568590083
035 _a(Sirsi) i9781568590080
040 _aPE-LiUPU
_bspa
_cPE-LiUPU
_erda
049 _aPRUA
082 0 4 _b
_221
100 1 _aFrye, Richard Nelson,
_eautor.
245 1 4 _aThe Heritage of Persia.
264 1 _aCosta Mesa, California :
_bMazda Publishers,
_c1993.
300 _a330 páginas :
_bilustraciones ;
_c21 centímetros
336 _atext
_2rdacontent
337 _aunmediated
_2rdamedia
338 _avolume
_2rdacarrier
490 0 _aBibliotheca Iránica: Reprint Series ;
_v1
504 _aBibliografía: páginas 303-310.
505 0 _aLand of contrasts.- Iranian traditions.- Iran and the west.- L'Iran Extérieur.- The adaptable arsacids.- Heirs of the achaemenids.- The persian conquest of Islam.
526 _aP136
526 _aP135
526 _aP134
526 _aP133
526 _aP144
526 _aP143
526 _aP87
526 _aP35
526 _aP20
526 _aP14
526 _aP10
526 _aP06
650 0 4 _aIRAN - HISTORIA, ca. 640.
910 _ajck
_bjvq
_cjck
942 _2ddc
_cBOOK
949 _a935 F85
_wDEWEY
_c1
_i44587
_lCCODEBUL1
_mBUL
_r0
_sY
_tBOOK
_u2015-4-23
_xTEOLOGIA
_zUNKNOWN
_0COMPRA
_o.STAFF. Colección General
949 _a935 F85
_wDEWEY
_c2
_i43083
_lCCODEBUL1
_mBUL
_r0
_sY
_tBOOK
_u2015-6-16
_xTEOLOGIA
_zUNKNOWN
_0COMPRA
_o.STAFF. Colección General
994 _aC0
_bPEPRU
596 _a1
999 _a935 F85
_wDEWEY
_c61057
_i44587
_f2021-11-8
_g5
_lCCODEBUL1
_mBUL
_r0
_sY
_tBOOK
_u2015-4-23
_xBIBLIOTECA
_zUNKNOWN
_0COMPRA
_o.STAFF. Colección General
_d61057
999 _a935 F85
_wDEWEY
_c2
_i43083
_f2021-11-8
_g5
_lCCODEBUL1
_mBUL
_r0
_sY
_tBOOK
_u2015-6-16
_xBIBLIOTECA
_zUNKNOWN
_0COMPRA
_o.STAFF. Colección General
980 _81
_gALBERTO SANCHEZ Responsable de Automatización